Principles of engineering geology (Record no. 194278)

000 -LEADER
fixed length control field 00424nam a2200157Ia 4500
008 - FIXED-LENGTH DATA ELEMENTS--GENERAL INFORMATION
fixed length control field 221229s9999 xx 000 0 und d
020 ## - INTERNATIONAL STANDARD BOOK NUMBER
International Standard Book Number 9788195099306
082 ## - DEWEY DECIMAL CLASSIFICATION NUMBER
Classification number 624.151 BAN
100 ## - MAIN ENTRY--PERSONAL NAME
Personal name Bangar, K.M
9 (RLIN) 14290
245 #0 - TITLE STATEMENT
Title Principles of engineering geology
250 ## - EDITION STATEMENT
Edition statement 3rd
260 ## - PUBLICATION, DISTRIBUTION, ETC.
Place of publication, distribution, etc. Delhi
Name of publisher, distributor, etc. Standard Publication
Date of publication, distribution, etc. 2021
300 ## - PHYSICAL DESCRIPTION
Extent XI, 451p.
Other physical details Rs. 250.00
650 ## - SUBJECT ADDED ENTRY--TOPICAL TERM
Topical term or geographic name entry element Engineering geology
9 (RLIN) 14291
942 ## - ADDED ENTRY ELEMENTS (KOHA)
Koha item type
Holdings
Withdrawn status Lost status Damaged status Not for loan Home library Current library Date acquired Full call number Barcode Date last seen Price effective from Koha item type
        Central Library Central Library 12/29/2022 624.151 BAN 24791 12/29/2022 12/29/2022 Books

Powered by Koha